[Event "Wch U16 Girls"]
[Site "Montesilvano"]
[Date "2023.11.16"]
[Round "4"]
[White "Karaivanova, Petya F"]
[Black "Regidor, Kaye Lalaine"]
[Result "1-0"]
[WhiteElo "1883"]
[BlackElo "1598"]
[PlyCount "109"]
[EventDate "2023.11.13"]
[EventType "swiss"]
[EventRounds "11"]
[EventCountry "ITA"]
[SourceTitle "CB48_2023"]
[SourceDate "2023.11.29"]
[SourceVersion "1"]
[SourceVersionDate "2023.11.29"]
[SourceQuality "1"]

1. e4 e5 2. Nf3 Nc6 3. Bc4 Nf6 4. d3 Be7 5. c3 h6 6. a4 0-0 7. 0-0 d5 8. exd5 Nxd5 9. Re1 Bf6 10. Nbd2 Nb6 11. Bb5 a6 12. Bxc6 bxc6 13. Ne4 Re8 14. d4 Bg4 15. Nxf6+ Qxf6 16. Rxe5 Bxf3 17. Qxf3 Rxe5 18. dxe5 Qxe5 19. Bf4 Qe6 20. Bxc7 Nxa4 21. b4 Rc8 22. Bf4 c5 23. h3 Nb2 24. bxc5 Rxc5 25. Qb7 Nd3 26. Be3 Rxc3 27. Rxa6 Qc4 28. Ra8+ Kh7 29. Qb8 Qc7 30. Qg8+ Kg6 31. g3 Ne1 32. Ra6+ Rc6 33. Ra7 Qe5 34. Qxf7+ Kh7 35. Rd7 Qf6 36. Qxf6 Rxf6 37. f4 Nc2 38. Bc5 Kg8 39. Rd2 Na1 40. Rd8+ Kf7 41. Bd4 Nb3 42. Bxf6 Kxf6 43. Kf2 Nc5 44. Kf3 Ne6 45. Rd6 Ke7 46. Rb6 h5 47. Ke4 g6 48. Ke5 Nf8 49. Rb7+ Nd7+ 50. Rxd7+ Kxd7 51. Kf6 h4 52. gxh4 Ke8 53. Kxg6 Kf8 54. f5 Kg8 55. f6 1-0